000 00666nam a2200205 a 4500
001 000006861
005 20200929154018.0
008 090903s1977 dr 001 0 spa d
040 _aDO-SdBNP
_bspa
_cBNPHU
082 _a346.07
_cT273p., 1977
100 1 _aTellado, Antonio
_916486
245 1 0 _aPráctica de derecho comercial /
_cAntonio Tellado.
250 _a3a. ed.
260 _aSanto Domingo :
_bLibrería Dominicana,
_c1977.
300 _av. ;
_c23 cm.
500 _aLa biblioteca posee el v. 1
504 _aIncluye bibliografía (p. 305-306)
650 4 _aDerecho comercial
_zRepública Dominicana
_914449
650 4 _aDerecho comercial
_xLegislación
_95940
999 _c6649
_d6649